[Event "USA-ch GpB"]
[Site "San Diego"]
[Date "2006.03.07"]
[Round "5"]
[White "Shabalov, Alexander"]
[Black "Fishbein, Alexander"]
[Result "1-0"]
[WhiteElo "2595"]
[BlackElo "2519"]
[Annotator "Finkel,A"]
[PlyCount "77"]
[EventDate "2006.03.02"]
[EventType "swiss"]
[EventRounds "9"]
[EventCountry "USA"]
[SourceTitle "CBM 112"]
[Source "ChessBase"]
[SourceDate "2006.06.07"]
[SourceVersion "1"]
[SourceVersionDate "2006.06.07"]
[SourceQuality "1"]

1. e4 c5 2. Nf3 Nc6 3. d4 cxd4 4. Nxd4 e5 5. Nb5 d6 6. c4 Be7 7. b3 f5 8. exf5
Bxf5 9. Bd3 Be6 $6 {I don't really like this move as White's control over the
light squares in the centre secures a comfortable advantage.} (9... e4 $5 10.
Be2 a6 11. N5c3 Bf6 12. a3 Nge7 13. Ra2 O-O 14. O-O Qa5 $5 15. b4 Qe5 16. Re1
$13 {Anand,V-Radjabov,T/Dortmund 2003}) 10. O-O (10. Nd2 a6 11. Nc3 Nf6 12.
Nde4 O-O 13. Ng5 Nd4 $6 14. Nxe6 Nxe6 15. O-O Qe8 16. Be3 $16 {Bakre,T-Roy
Chowdhury,S/Mumbai 2003}) 10... Nf6 (10... a6 11. N5c3 Nf6 12. Nd2 O-O 13. Nde4
Nd4 14. Be3 b5 15. Bxd4 exd4 16. Ne2 $14 {Asrian,K-Harutjunyan,G/Yerevan 2003})
11. N1c3 (11. Nd2 d5 12. cxd5 Bxd5 13. Nc4 O-O 14. Bg5 Kh8 15. Ne3 Bg8 16. Bc4
Nd4 17. Bxg8 Nxg8 18. Bxe7 Nxe7 19. Nxd4 exd4 20. Nc4 Ng6 $11 {Sokolov,
A-Tregubov,P/Ohrid 2001}) 11... a6 12. Na3 O-O 13. Nc2 Qd7 (13... Rc8 {1/2-1/2
Pikula,D-Perunovic,M/Herceg Novi 2001/CBM 082 ext}) 14. Nd5 Bd8 $6 {Black is
playing very passively so White faces no problems to increase the pressure
with natural moves.} (14... e4 15. Nxe7+ Qxe7 16. Be2 Rad8 17. Bb2 Qe8 18. Nd4
$14) (14... Nxd5 15. cxd5 Bxd5 16. Bxh7+ Kxh7 17. Qxd5 Qf5 18. Ne3 Qg6 19. Ba3
$14) 15. Nxf6+ Bxf6 16. Be4 Ne7 (16... g6) 17. Ne3 $16 {The mission of fixing
a weakness on d6 is completed. The next step is building up pressure on d6.}
Bg5 18. Qd3 h6 19. Rd1 Rad8 20. Ba3 Nc8 21. Rd2 Kh8 22. Rad1 Qc7 23. Qe2 b5 $5
24. cxb5 axb5 25. Bb4 (25. Qxb5 $2 Bxe3 26. fxe3 Qa7 {[%csl Ra3,Re3]} 27. Qa4
$140 Qxe3+ 28. Kh1 Qxd2 $19) 25... Qa7 26. Bf3 Rf4 $5 (26... Qb6 {deserved
attention by protecting the pawn on d6.}) 27. Bxd6 Nxd6 28. Rxd6 Rxd6 29. Rxd6
Qe7 30. Ra6 e4 $8 (30... b4 31. Nd5 Bxd5 32. Bxd5 Rf8 33. g3 $16) 31. Ra8+ Kh7
32. Qc2 Bf7 (32... Qb4) 33. Bg4 h5 34. Be2 b4 $2 {Losing on the spot.} ({
After the correct} 34... Qb4 $14 {[%cal Gb4e1] Black has some comensation for
the pawn, even though it shouldn't be enough for equality.}) 35. Qc8 $1 $18 {
[%csl Rh7]} Kg6 36. h4 Bh6 37. g3 Rxf2 38. Bxh5+ Kf6 39. Ng4# 1-0

[Event "FIDE World Cup-D"]
[Site "Shenyang"]
[Date "2000.09.01"]
[Round "1"]
[White "Gelfand, Boris"]
[Black "Tregubov, Pavel V"]
[Result "1/2-1/2"]
[WhiteElo "2681"]
[BlackElo "2620"]
[Annotator "Finkel,A"]
[PlyCount "57"]
[EventDate "2000.09.01"]
[EventType "tourn"]
[EventRounds "5"]
[EventCountry "CHN"]
[EventCategory "15"]
[SourceTitle "CBM 079"]
[Source "ChessBase"]
[SourceDate "2000.11.21"]
[SourceVersion "1"]
[SourceVersionDate "2000.11.21"]
[SourceQuality "1"]

1. e4 c5 2. Nf3 Nc6 3. d4 cxd4 4. Nxd4 e5 5. Nb5 d6 6. c4 ({During the last
years there is tendence} 6. N1c3 {to revive a boom,but it is not our topic
here.}) 6... Be7 (6... Be6 {1/2-1/2 Delchev,Peter-Todorov,Todor/Teteven - open
(01) 1991 (14)}) 7. b3 (7. N1c3 a6 8. Na3 Be6 9. Bd3 Rc8 10. O-O Bg5 $14 {
(1/2-1/2) Radulov,Iv.-Ivanov,Yor /tt - ch Bg (2) Varna 1995}) 7... f5 $5 ({
Due to Sveshikov, big interest was paid since 1994-1997 to} 7... Nf6 8. Bd3 O-O
9. O-O Bg4 10. f3 Be6 11. Be3 {+/= Filippov,V-Sveshnikov,E/Kemerevo 1995/Inf
65 (12)}) (7... a6 8. N5c3 Be6 9. Be2 Bg5 $14 {(1-0) Groszpeter,A-Csiszar,C/
Zalakaros op 1996/EXP}) 8. Ba3 (8. exf5) 8... Nf6 {[#]} 9. N1c3 (9. Bxd6 Nxe4
10. Nc7+ (10. Bxe7 Qxd1+ 11. Kxd1 Kxe7 12. Ke1 Be6 13. N1c3 Nxc3 14. Nxc3 Rhd8
$15 {Schneider,D-Shabalov,A/National Chess Congress 1999}) 10... Kf7 11. Qd5+
Kg6 12. g4 Bxd6 13. gxf5+ Bxf5 14. Rg1+ Kf6 $17 {Gontcharova,O-Zvereva,M/
Women's Open 2000}) (9. exf5 Bxf5 10. Be2 a6 11. Nxd6+ Bxd6 12. Qxd6 Qxd6 13.
Bxd6 O-O-O 14. c5 Ne4 15. Nd2 Nxd6 16. cxd6 Rxd6 17. Rc1 Kb8 18. Nc4 Rd4 {
1/2-1/2 Kutuzovic,B-Fercec,N/Bled op 21st 2000}) (9. Nxd6+ $6 Bxd6 $15 10. Qxd6
(10. Bxd6 Nxe4 11. c5 Qh4 $19) 10... Qxd6 $6 (10... Nd4 $1 11. Qxd8+ Kxd8 $15)
11. Bxd6 Nxe4 12. Ba3 Nd4 13. Bd3 b6 (13... Be6) 14. O-O Bb7 15. Rc1 (15. f3 $6
O-O-O 16. Rd1 Nf6 17. Nc3 e4 $17) 15... O-O-O $15 {Luther,T-Shabalov,A/New
York op 1998}) 9... O-O (9... Qa5 10. Qd2 O-O 11. Nd5 Qxd2+ 12. Kxd2 Rd8 13.
Nxe7+ {1/2-1/2 Anand,V-Tregubov,P/FIDE World Cup Gp D 2000}) 10. Bxd6 {Winning
a pawn,but permitting black to create counterplay.Anyway this is the only way
to fight for the advantage.} a6 (10... fxe4 11. c5 Be6 12. Nc7 Bg4 13. f3 exf3
14. gxf3 Rc8 15. fxg4 $16) 11. Bxe7 Qxe7 12. Nd6 fxe4 13. c5 (13. Ndxe4 $2 Nxe4
14. Nxe4 Rd8 15. Nd2 Bf5 16. Be2 Nb4 17. O-O Nc2 18. Rc1 Qb4 $15) 13... Be6 14.
Bc4 (14. Ncxe4 Nxe4 15. Nxe4 Rad8 16. Nd6 b6 $15) 14... Rad8 15. O-O (15. Qb1
Bxc4 16. bxc4 Nd7 17. Nxb7 e3 $132) 15... b6 16. Bxe6+ Qxe6 17. Qb1 $1 (17. Qe1
bxc5 18. Ndxe4 c4 19. Nxf6+ Rxf6 20. bxc4 Qxc4 21. Ne4 Rf4 $11) 17... e3 $5 18.
fxe3 bxc5 19. Nb7 $1 Rc8 (19... Rd2 20. Qc1 $16) 20. Nxc5 Qe7 21. N5e4 (21.
Nxa6 $2 Nb8 $1 22. Nxb8 Rxc3 23. Na6 Rc6 24. Qd3 Qa3 $17 {[%csl Ra6]}) 21...
Nb4 $1 22. a3 {After this move white remains with the pawn,but without real
wining chances.Better was} (22. Qd1 $1 Nxe4 (22... Rfd8 23. Nxf6+ gxf6 24. Qg4+
Kh8 25. Rac1 Nd3 26. Nd5 $3 $18 {[%csl Rc8,Re7]}) 23. Nxe4 (23. Rxf8+ $1 Rxf8 (
23... Qxf8 24. Nxe4 Nc2 25. Qd5+ Kh8 26. Rc1 (26. Rf1 $4 Qxf1+ 27. Kxf1 Nxe3+
$19) 26... Nxe3 27. Rxc8 Qxc8 28. Qc5 $1 $18) 24. Nxe4 Qb7 $1 25. Ng3 Qb6 26.
Qe2 $14) 23... Rxf1+ $1 (23... Nc2 24. Rxf8+ Qxf8 25. Qd5+ Kh8 26. Rc1 Nxe3 27.
Rxc8 Qxc8 28. Qc5 $18 (28. Qxe5 $4 Qc1+ 29. Kf2 Ng4+ $19)) 24. Qxf1 Qa7 $1 25.
Qf3 Nc2 26. Rc1 Rf8 $13) 22... Nxe4 23. Rxf8+ Qxf8 24. Qxe4 (24. Nxe4 Nc2 25.
Ra2 Nxe3 $15) 24... Rxc3 25. axb4 h6 $1 26. Rf1 $6 (26. Rxa6 $4 Rc1#) (26. Qxe5
$5 Rxb3 (26... Qxb4 $6 27. Qe6+ $1 (27. Rd1 Rc5 28. Qe6+ Kh7 29. h3) 27... Kh8
28. Rd1 $16) 27. Qe6+ (27. h3 $5) 27... Qf7 28. Qxf7+ Kxf7 29. Rxa6 Rxb4 30.
Kf2 $14) 26... Qd6 27. h4 Qd3 $1 $11 28. Qxe5 Qxe3+ 29. Qxe3 1/2-1/2

[Event "Bundesliga 0506"]
[Site "Germany"]
[Date "2005.12.11"]
[Round "6.5"]
[White "Naumann, Alexander"]
[Black "Boensch, Uwe"]
[Result "1-0"]
[WhiteElo "2534"]
[BlackElo "2547"]
[Annotator "Finkel,A"]
[PlyCount "55"]
[EventDate "2005.10.21"]
[EventType "team-tourn"]
[EventRounds "15"]
[EventCountry "GER"]
[SourceTitle "CBM 111"]
[Source "ChessBase"]
[SourceDate "2006.04.04"]
[SourceVersion "1"]
[SourceVersionDate "2006.04.04"]
[SourceQuality "1"]
[WhiteTeam "Solingen"]
[BlackTeam "Tegernsee"]
[WhiteTeamCountry "GER"]
[BlackTeamCountry "GER"]

1. e4 {Ftacnik} c5 2. Nf3 Nc6 3. d4 cxd4 4. Nxd4 e5 5. Nb5 d6 6. N1c3 a6 7. Na3
b5 8. Nd5 Nce7 9. c4 (9. Nb4 $5) 9... Nxd5 10. exd5 bxc4 11. Nxc4 Be7 12. Be3
Rb8 13. a4 Nf6 $6 {White is clearly better on the queenside, so Black
shouldn't delay his counterplay on the other flank. For that reason 13...f5
seems to be a "must-move" in the position.} (13... f5 14. a5 Nf6 (14... f4 15.
Ba7 Ra8 16. Bb6 Qd7 17. Bd3 Nf6 18. Bc2 $6 (18. Rc1 $1 O-O 19. O-O Bb7 20. Nxe5
dxe5 21. Rc7 Qe8 22. Rxb7 $16 {Rizouk,A-Perez Garcia,R/Seville 2005}) 18... O-O
19. O-O Bb7 20. Ba4 Qf5 21. Bc7 Bxd5 22. Nb6 Bb7 $17 {Fercec,N-Fedorov,A/
Medulin 2002}) 15. Ba7 Rb7 16. Bb6 Qd7 17. Be2 O-O 18. O-O f4 19. f3 Qf5 20.
Rc1 Kh8 21. Re1 Qg6 $132 {Ivanov,A-Fedorov,A/New Delhi/Teheran 2000}) 14. Be2
Bb7 {The bishop is a bit passive on b7, but bringing the queen to the same
square would've hardly been any better.} (14... O-O 15. O-O Bf5 16. a5 Qd7 17.
Nb6 Qb7 18. f4 $14) 15. Nb6 Nd7 16. a5 Nxb6 (16... O-O {Ftacnik} 17. O-O f5 18.
Qa4 $14) 17. Bxb6 Qd7 18. O-O O-O 19. b4 Rbc8 (19... e4 $5) 20. Rb1 Rc3 $6 {
Playing into White's hands. Obviously Black underestimated White's 24th move.}
(20... Bd8 21. Be3 f5 22. f4 e4 23. Qd2 $14 {[%cal Gb4b5]}) 21. Qd2 (21. b5 $5
{Ftacnik} Qc8 22. bxa6 Bxa6 23. Bxa6 Qxa6 24. Qa4 Rfc8 25. Qb5 $16) 21... Rfc8
22. b5 axb5 23. Bxb5 Qf5 (23... Qg4 24. Bc6 Bxc6 25. Qxc3 Bxd5 26. Qg3 $16) 24.
Bc6 $1 {Black is forced to give up an exchange.} R8xc6 $6 (24... Rc2 25. Qxc2
Qxc2 26. Bxb7 Rf8 27. a6 $18) (24... Bxc6 25. Qxc3 Bxd5 $16) 25. dxc6 Rxc6 26.
Bd8 $1 $18 {Ftacnik: 'Nice combination, due to the back rank problem black
will be pushed into defense with no counterplay.'} Rc2 27. Qd1 Bxd8 28. Rxb7
1-0

[Event "Mondariz zt 1.1"]
[Site "Mondariz"]
[Date "2000.09.08"]
[Round "6"]
[White "Tiviakov, Sergei"]
[Black "Nataf, Igor Alexandre"]
[Result "1-0"]
[WhiteElo "2608"]
[BlackElo "2526"]
[Annotator "Finkel,A"]
[PlyCount "79"]
[EventDate "2000.09.03"]
[EventType "swiss"]
[EventRounds "11"]
[EventCountry "ESP"]
[SourceTitle "CBM 079"]
[Source "ChessBase"]
[SourceDate "2000.11.21"]
[SourceVersion "1"]
[SourceVersionDate "2000.11.21"]
[SourceQuality "1"]

1. e4 c5 2. Nf3 Nc6 3. d4 cxd4 4. Nxd4 e5 5. Nb5 d6 6. N1c3 a6 7. Na3 b5 8. Nd5
Nge7 9. c4 Nxd5 10. cxd5 (10. exd5 Nd4 11. cxb5 Be7 12. bxa6 Qa5+ 13. Bd2 {
1/2-1/2 Ehlvest,J-Kiik,K/zt 1.7 2000}) 10... Nd4 (10... Ne7 $6 11. h4 $1 Bd7 (
11... g6 12. h5 $36) (11... f5 12. Bd3 fxe4 13. Bxe4 Bf5 $14) 12. Nc2 h5 (12...
g6 13. h5 Bg7 14. Bg5 $1 O-O 15. hxg6 hxg6 16. Qd2 $14) (12... f5 $5) 13. g3 g6
14. Bg2 Bg7 15. O-O O-O 16. Nb4 $14 {Bologan,V-Stripunsky,A/Wijk-B 1996}) 11.
Be3 (11. Nc2 Bg4 $1 12. f3 $2 Qh4+ $1 $17) 11... Be7 12. Bd3 O-O 13. O-O Bb7 $6
{A new plan in this position and quiet dangerous one:black intends to break
thee center with f5 and then to take on d5 with the bishop,which proves not so
simple.} (13... Bd7 14. Rc1 (14. Qd2 Qb8 15. Rac1 Qb7 16. Nc2 Nxc2 17. Rxc2
Rfc8 18. Rfc1 Rxc2 19. Rxc2 Rc8 $11 {Sluka,R-Moroz,A/Komercni Banka op 1997})
14... Qa5 15. Qe1 Bd8 16. Qxa5 Bxa5 17. Nc2 Nxc2 18. Rxc2 Rfc8 19. Rfc1 Rxc2
20. Rxc2 Kf8 $11 {Manik,M-Moroz,A/Komercni Banka op 1996}) (13... Bf6 14. Qd2
Bd7 15. Rac1 Rc8 16. Rxc8 Qxc8 17. Rc1 Qb7 18. Qb4 Qb8 19. Qa5 $11 {Stripunsky,
A-Votava,J/Mlada Boleslav op 1995}) 14. Qd2 $5 f5 15. Bxd4 exd4 16. Nc2 Qb6 (
16... Bf6 17. Rae1 (17. Qf4 Be5 18. Qf3 Qh4 19. g3 fxe4 20. Qxe4 Qxe4 21. Bxe4
d3 $15) 17... Rc8 18. f4 fxe4 19. Bxe4 Qb6 20. Qd3 g6 (20... Rxc2 $2 21. Bxh7+
Kh8 22. Qh3 d3+ 23. Kh1 $18 {[%csl Rh8]}) 21. Kh1 $14) 17. Qf4 Rae8 18. Rae1
Qc5 (18... Bd8 $5) 19. Qf3 $1 {[%cal Gb2b4]} b4 (19... fxe4 20. Qxe4 g6 21.
Qe6+ Kh8 22. Qd7 Bc8 23. Qc6 $14) 20. Qh3 a5 (20... Kh8 $1) 21. Rc1 $1 {
[%cal Gc2e3,Ge3f5] Very strong move underestimated by black.Black just falls
into nice set trap and white easily gets wining position.} Bc8 $6 (21... Qb6)
22. exf5 Qxd5 $2 23. Nxb4 $1 $16 Qb7 (23... axb4 24. Bc4 $18 {[%cal Gc4g8]})
24. Nd5 $1 Bd8 $8 25. Nf4 d5 $8 (25... Bg5 $2 26. Bc4+ Kh8 27. Ng6#) 26. Ne6
Bxe6 27. fxe6 g6 28. f4 Qxb2 29. f5 Qd2 (29... gxf5 30. Bxf5 Qb7 (30... Re7 31.
Rb1 $1 {[%csl Gb1]} Qxa2 32. Bxh7+ $1 $18) 31. Rc5 Kh8 32. Rxd5 $1 $18 {
[%cal Gd5d7]}) 30. fxg6 Qe3+ 31. Qxe3 dxe3 32. gxh7+ Kg7 33. Rf5 $18 {The
ending is easily wining for white becuase black pawns are stopped by white
king and bishop,while white pawns are unstopable.} d4 (33... Rxf5 34. Bxf5 d4
35. Kf1 Bf6 36. Ke2 Rb8 37. Kd3 $18) 34. Rcf1 Rxf5 35. Rxf5 Bf6 36. Rxa5 Rb8
37. Kf1 Kh6 (37... Rb2 38. Ra8 $18) 38. g4 Kg7 39. Rf5 {[%cal Gg4g5]} Bh4 40.
g5 1-0

[Event "Ubeda op 5th"]
[Site "Ubeda"]
[Date "2000.01.20"]
[Round "2"]
[White "Holmsten, Aleksei"]
[Black "Yagupov, Igor"]
[Result "1-0"]
[WhiteElo "2364"]
[BlackElo "2482"]
[Annotator "Finkel,A"]
[PlyCount "71"]
[EventDate "2000.01.19"]
[EventType "swiss"]
[EventRounds "10"]
[EventCountry "ESP"]
[SourceTitle "CBM 075"]
[Source "ChessBase"]
[SourceDate "2000.04.05"]
[SourceVersion "1"]
[SourceVersionDate "2000.04.05"]
[SourceQuality "1"]

1. e4 c5 2. Nf3 Nc6 3. d4 cxd4 4. Nxd4 e5 5. Nb5 d6 6. N1c3 a6 7. Na3 b5 8. Nd5
Be7 9. c3 Nf6 10. Nxf6+ Bxf6 11. Nc2 {This variation,unlike the other lines in
Sveshnikov variation,leads to long positional struggle with minimal advantage
for white.} (11. g3 O-O 12. Bg2 Bb7 13. Nc2 Ne7 14. Ne3 Bg5 15. O-O Bxe3 16.
Bxe3 Rc8 17. a4 $14 {Tolnai,T-Olsson,K/Budapest FS05 GM 1993}) 11... Rb8 $5 {
Logical move:black intends to transfer b4 as soon as possible.} (11... Bb7 12.
Ne3 Ne7 13. Bd3 d5 14. Qf3 d4 15. Ng4 Ng6 16. O-O Be7 17. Qf5 dxc3 $132 {
Svatos,J-Mrva,M/Komercni Banka op 1996}) (11... O-O 12. Ne3 g6 13. Nd5 Bg7 14.
h4 Ne7 15. Be2 Nxd5 16. exd5 Rb8 $15 {Ferenc,J-Larsen,P/Politiken Cup 1997})
12. g3 (12. Ne3 O-O 13. Nd5 Bg5 14. g3 Bxc1 15. Rxc1 Ne7 16. Nxe7+ Qxe7 17. Bg2
Be6 $11 {Ciornei,D-Wolf,U/Giessen op 1993}) 12... O-O 13. Bg2 Be6 $6 {Bishop
is better placed on a6 so deserved attention} (13... a5 14. O-O b4 15. Ne3 bxc3
16. bxc3 Ba6 17. Re1 Be7 18. Nd5 Re8 $132) 14. O-O a5 15. Ne3 b4 (15... Bg5 16.
f4 Bh6 17. f5 (17. Ng4 Bxg4 18. Qxg4 b4 19. Be3 bxc3 20. bxc3 Rb2 $132) 17...
Bxe3+ 18. Bxe3 $14 {[%cal Gf1f2,Gf2d2,Gf5f6]}) 16. Nd5 $14 bxc3 17. bxc3 Bxd5 {
After this move black doesn't succed to get sufficient counterchanses,but
thete is no alternative.} 18. Qxd5 Ne7 19. Qd3 Qc7 20. Ba3 Rfd8 ({Deserved
attention} 20... Rb6) 21. Rab1 Rxb1 $2 (21... Rbc8 $8) 22. Rxb1 Nc8 23. Bf1 Be7
24. Qc4 $1 $16 {The difference in the strength of pieces is huge,and inspite
of material balance black is in deep troubles.} Qa7 (24... Rd7 25. Qxc7 Rxc7
26. Rb8 $1 Rxc3 27. Bb2 Rc2 28. Bh3 $18) 25. Qc6 $1 Bf8 26. Rb7 Qa8 27. Qc7 Ne7
28. Bh3 $1 $18 {Full domination of white!} g6 29. Bc1 {[%cal Gc1g5] Now the
material losses are inevitable fo black.} d5 (29... f5 30. Bg5 Re8 31. exf5
gxf5 32. Bxf5 $18) 30. Bg5 dxe4 31. Bxe7 Rd1+ 32. Bf1 Qa6 33. c4 Bxe7 34. Rb6 (
34. Qxe7 Qxc4 35. Rb8+ Kg7 36. Qf8+ Kf6 37. Qd6+ Rxd6 38. Bxc4 $18) 34... Bd8
35. Qxd8+ Rxd8 36. Rxa6 1-0

[Event "Najdorf Memorial Great fin"]
[Site "Buenos Aires"]
[Date "2000.09.13"]
[Round "3.1"]
[White "Vescovi, Giovanni P"]
[Black "Panno, Oscar"]
[Result "1-0"]
[WhiteElo "2526"]
[BlackElo "2450"]
[Annotator "Finkel,A"]
[PlyCount "81"]
[EventDate "2000.09.09"]
[EventType "k.o."]
[EventRounds "4"]
[EventCountry "ARG"]
[SourceTitle "CBM 079"]
[Source "ChessBase"]
[SourceDate "2000.11.21"]
[SourceVersion "1"]
[SourceVersionDate "2000.11.21"]
[SourceQuality "1"]

1. e4 c5 2. Nf3 Nc6 3. d4 cxd4 4. Nxd4 Qb6 5. Nb3 Nf6 6. Bd3 e6 7. O-O Be7 8.
c4 (8. Nc3 d6 9. a4 O-O 10. a5 $5 Qc7 11. f4 Bd7 12. g4 Nb4 13. g5 Ne8 14. Be3
$36 {Lobjanidze,D-Yegiazarian,A/Erevan op 1996 (34)}) (8. Be3 {} Qc7 9. Nc3 (
9. f4 d6 10. c4 b6 11. Nc3 Bb7 12. Rc1 Qb8 13. Qf3 O-O 14. Qh3 $36 {Vescovi,
G-Valle,A/BCX Open 2000}) 9... O-O 10. f4 d6 11. Qf3 a6 12. g4 Nd7 13. g5 Nb4
14. Qh5 Re8 15. Rf3 g6 16. Qh6 Bf8 $132 {Ciobanu,A-Lupu,M/Odorheiu Secuiesc op
1993 (40)}) 8... Ne5 (8... d6 9. Nc3 a6 (9... Qc7 $6 10. Bf4 $5 b6 11. Rc1 Qd7
(11... Ne5 12. Nb5 Qb8 13. Bb1 Bb7 14. Bxe5 dxe5 15. c5 $5 $36 {1-0 Kondou,
E-Fanouraki,N/GRE-chW 1996 (28)}) 12. Qe2 Bb7 13. Rfd1 e5 $6 14. Be3 Ng4 15.
Bd2 $16 {Rechlis,G-Maryasin,B/Israel 1st League JER-ASH b1, ISR 1997 (28)}) 10.
Be3 Qc7 11. Rc1 Ne5 12. Be2 b6 13. Nd4 Bb7 14. f4 Ned7 15. f5 e5 16. Nd5 $1 $14
{Polaczek,R-Plachetka,J/Val Maubuee op 1988 (66)}) (8... d5 $5 9. cxd5 (9. Nc3
d4 $5 10. c5 Qd8 11. Nb5 O-O 12. Bg5 e5 13. Rc1 Ne8 $132 {Brooks,M-Epishin,V/
New York op 1989/0-1 (70)} (13... Ne8 14. Bd2 Be6 $13 {Brooks,M-Epishin,V/New
York op 1989/0-1 (70)})) (9. exd5 exd5 10. c5 $2 Bxc5 11. Nxc5 Qxc5 12. Nc3 O-O
13. Bg5 Qd6 14. Bxf6 Qxf6 15. Nxd5 Qxb2 $17 {Stisis,Y-Golod,V/ISR-chT 
(AFEK-Beer1) 1996/0-1 (44)}) 9... exd5 10. Nc3 dxe4 11. Nxe4 O-O 12. Qe2 Nd4
13. Nxd4 Qxd4 $11 {Timoshenko,G-Epishin,V/URS-YM Tbilisi 1989/0-1 (57)}) 9. Nc3
d6 10. Be2 (10. Be3 Qc7 11. Be2 Nxc4 $6 12. Nb5 Qc6 13. Bxc4 Qxc4 14. a4 $1 Bd7
{[%cal Gd7b5]} (14... O-O 15. Nd2 Qc6 16. Rc1 Qd7 17. Nc7 $18) 15. Na5 Qc8 16.
Rc1 Bc6 17. Nxa7 Qd7 18. N5xc6 bxc6 19. Nxc6 Nxe4 20. Qg4 $18) 10... O-O (10...
a6 11. Be3 Qc7 12. Rc1 (12. Qd4 O-O 13. f4 Ned7 14. Rad1 b6 15. Bf3 Bb7 $13)
12... b6 13. f4 Ned7 14. Bf3 {Arising position is typical not only for the
sicilian defense,but also for many other openings.The plans of the both sides
are clear:white tries to create an attack on the kingside,while black tries to
create pressure on e4 and transfer d5.} Bb7 15. Qe2 O-O 16. Nd4 $5 $14 {
Milos,G-Morozevich,A/KasparovChess GP g/60 2000}) 11. Be3 Qc7 12. Rc1 b6 (12...
a6 13. Nd4 b6 14. b3 $6 (14. f4 $5 Ned7 15. b4 $1 {[%csl Gc5,Rd7,Ge5]} Bb7 16.
Bf3 Rac8 17. g4 $16 {[%cal Gg4g5]}) 14... Re8 15. f4 Ned7 16. Bf3 Bb7 17. Re1
$14 {Shirov,A-Granda Zuniga,J/FIDE-Wch k.o. 1997} (17. g4 $6 {Finkel,A} Nc5 18.
Qc2 e5 $1 $132)) 13. f4 Ned7 14. g4 {Starting typical for Sicilian defense
attack on the kingside.} Bb7 15. Nd2 Nc5 16. Qc2 h6 (16... a6 17. g5 Ne8 18. b4
Nd7 19. Bd3 f6 20. h4 Rd8 21. Nb3 $14) 17. b4 Ncd7 18. Nb5 Qb8 19. Nd4 Re8 20.
g5 $5 hxg5 (20... Nh7 21. g6 Nhf6 22. gxf7+ Kxf7 23. a3 Qc7 24. Qd3 $14 {
[%csl Re6]}) 21. fxg5 Nh7 22. g6 $1 fxg6 $2 {Crucial position of the game:so
far both sidea has made natural moves not changing the pawn structure and the
character of the game,but now black makes serious mistake and finds himself in
seriou stroubles.} (22... Nhf6 23. gxf7+ Kxf7 24. Bg4 Bd8 $132) 23. Nxe6 Ne5
24. Qb3 $1 {[%cal Gb3g8,Gc4c5]} Kh8 25. c5 $5 dxc5 26. bxc5 Bc8 (26... bxc5 27.
Nxc5 Bxc5 28. Bxc5 Nf6 29. Qh3+ Kg8 30. Bd1 $16 {[%csl Rg8][%cal Gd1b3]}) 27.
Nf4 Bxc5 28. Bxc5 bxc5 29. Rxc5 Qxb3 30. axb3 Nf8 31. Nc4 $1 $16 Ned7 (31...
Nxc4 $2 32. Bxc4 {[%csl Rh8]} Be6 (32... Rxe4 33. Nxg6+ $1 Nxg6 34. Rh5#) 33.
Nxe6 Nxe6 34. Ra5 $16 {[%cal Gc4d5]}) (31... Nfd7 $2 32. Rxe5 Nxe5 33. Nxe5 $18
) 32. Ra5 Kh7 (32... Rxe4 33. Bf3 $18 {[%cal Gf3a8]}) 33. Nd6 Re5 34. Nd5 $1 {
[%csl Ra8,Rc8][%cal Gf1c1]} Ne6 35. Rc1 $1 $18 Bb7 (35... Nf4 36. Nxf4 (36. Bf1
Nxd5 37. exd5 Nb6 38. Bg2 Bf5 $14) 36... Rxa5 37. Nxc8 Rc5 38. Rd1 $1 $18) 36.
Nxb7 Rxe4 37. Bf3 Rd4 38. Re1 Ng5 39. Bg2 Kh6 40. Nc5 Nxc5 41. Rxc5 1-0